| 000 | 00475nam a22001577a 4500 | ||
|---|---|---|---|
| 003 | OSt | ||
| 005 | 20220415112620.0 | ||
| 008 | 220415b |||||||| |||| 00| 0 eng d | ||
| 040 | _cHU | ||
| 082 | _a631.58 | ||
| 100 |
_aMUASYA STELLA _935988 |
||
| 245 |
_aBOTANIC NOMENCLATURE FOR AGROFORESTRY SPECIES INDEX _cANTHONY J SIMONS, AHMED S SALIM & ROELAND KINDT |
||
| 260 |
_aEUROPEAN UNION & DANIDA _bVVOB DFID _c2002 |
||
| 300 |
_a+2 197P. _bPC _c29CM. |
||
| 942 |
_2ddc _cBOOKS _n0 |
||
| 999 |
_c34852 _d34852 |
||